| 000 | 04448nam0a2200433 4500 | ||
|---|---|---|---|
| 001 | RU\NLR\BIBL_A\012654898 | ||
| 005 | 20220209175111.0 | ||
| 010 |
_a978-5-6046055-2-3 _9100 |
||
| 021 |
_aRU _bКН-П-21-051248 _9КН-П-21-4026 |
||
| 035 | _a(NLR Aleph) 012654898 | ||
| 090 |
_a12737650 _c12737650 |
||
| 100 | _a20211201d2021 k y0rusy50 ca | ||
| 101 | 0 |
_arus _aeng _deng |
|
| 102 | _aRU | ||
| 105 | _ay z 100zy | ||
| 181 | 0 |
_ai _baxxe |
|
| 182 | 0 | _an | |
| 200 | 1 |
_aV Всероссийская научно-практическая конференция с международным участием "Исследование и проектирование интеллектуальных систем в автомобилестроении, авиастроении и машиностроении" ("ISMCA' 2021") _eматериалы Всероссийской научно-практической конференции с международным участием (Таганрог, 16 апреля 2021 г.) _fМинистерство науки и высшего образования Российской Федерации, Политехнический институт( филиал) Федерального государственного бюджетного образовательного учреждения высшего образования "Донской государственный технический университет" в г. Таганроге Ротовской области ПИ (филиал) ДГТУ в г. Таганроге _gредакционная коллегия: кандидат технических наук Светличная Л. А. (отв. ред.), доктор экономических наук Чернова Т. В. |
|
| 203 |
_aТекст _bвизуальный _cнепосредственный |
||
| 210 |
_aТаганрог _cИП Шкуркин Дмитрий Владимирович (ДиректСайнс) _d2021 |
||
| 215 |
_a357, [1] с. _cил. _d21 |
||
| 300 | _aНа обл.: Исследование и проектирование интеллектуальных систем в автомобилестроении, авиастроении и машиностроении ("ISMCA' 2021"): IV [т. е. V] Всероссийская научно-практическая конференция с международным участием (Таганрог, 16 апреля 2021) | ||
| 300 | _aЧасть текста и рез. на англ. яз. | ||
| 313 | _a4-я конф. 2020 г. | ||
| 320 | _aБиблиогр. в конце ст. | ||
| 512 | 1 |
_aИсследование и проектирование интеллектуальных систем в автомобилестроении, авиастроении и машиностроении ("ISMCA' 2021") _eIV [т. е. V] Всероссийская научно-практическая конференция с международным участием (Таганрог, 16 апреля 2021) |
|
| 606 | 1 |
_aМашиностроение _jСъезды, совещания и т.п _xИнформационные технологии _92178503 _3RU\NLR\AUTH\661310206 |
|
| 606 | 1 |
_aАвтомобилестроение _jСъезды, совещания и т.п _xИнформационные технологии _92113506 _3RU\NLR\AUTH\661580558 |
|
| 606 | 1 |
_aЛетательные аппараты _jСъезды, совещания и т.п _xПроизводство _xИнформационные технологии _92378418 _3RU\NLR\AUTH\6601640357 |
|
| 686 | 1 | _aК5-5-05я431(2) | |
| 686 | 1 | _aО33-06-5-05я431(2) | |
| 686 | 1 | _aО52-06-5-05я431(2) | |
| 702 | 1 |
_aСветличная _bЛ. А. _gЛюдмила Александровна _4340 |
|
| 710 | 1 | 2 |
_a"Исследование и проектирование интеллектуальных систем в автомобилестроении, авиастроении и машиностроении", всероссийская научно-практическая конференция с международным участием _d5 _eТаганрог _f2021 _9780407 _3RU\NLR\AUTH\880556674 |
| 942 | _cBOOK | ||
| 980 | _aNB | ||